Movies Quiz

Random Movies or Pixar Quiz

Disney/Pixar Close-Up Quiz Stats

 Plays Quiz Updated Apr 16, 2019

Score 0/24 Timer 05:00
12 Plays Today
% Correct
Cars (Lightning McQueen)
98.6%
Finding Nemo (Marlin and Dory)
96.3%
Monsters, Inc. (Sulley and Mike)
96.2%
Toy Story 3 (Mrs. Potato Head, Hamm, Jessie, Buzz Lightyear)
95.9%
Aladdin (Genie)
95.6%
Bambi (Bambi and Faline)
95.3%
The Lion King (Simba, Timon, and Pumbaa)
94.8%
The Incredibles (Frozone, Dash, and Violet)
94.2%
WALL-E (EVE)
93.6%
Lilo & Stitch (Stitch and Lilo)
93.4%
Pocahontas (Pocahontas)
93.4%
Up (Ellie and Carl)
92.6%
% Correct
Dumbo (Dumbo and Mrs. Jumbo)
92.1%
The Princess and the Frog (Tiana and Prince Naveen)
91.8%
Brave (Merida)
91.3%
Chicken Little (Chicken Little)
89.2%
Tangled (Rapunzel and Pascal)
89%
Ratatouille (Remy)
87.9%
Mulan (Mulan)
87.7%
Alice in Wonderland (March Hare and Alice)
87.7%
Big Hero 6 (Baymax)
84.8%
Frozen (Anna and Elsa)
84.5%
Wreck-It Ralph (Ralph)
83.2%
Bolt (Rhino and Bolt)
82.8%

You're not logged in!

Compare scores with friends on all Sporcle quizzes.
OR
Log In

Show Comments

Extras

Top Quizzes Today


Score Distribution

Your Account Isn't Verified!

In order to create a playlist on Sporcle, you need to verify the email address you used during registration. Go to your Sporcle Settings to finish the process.

Report this User

Report this user for behavior that violates our Community Guidelines.

Details: